Jarní pohádky a říkanky od velikonočních zajíčků /

V jednom pohádkovém lese žijí velikonoční zajíčci, kteří každý rok připravují dětem nadílku, malují kraslice, budí přírodu a zažívají různá dobrodružství.

Hlavní autor: Havličková, Ivana, 1986-
Jazyk: Čeština
Vydáno: [Praha] : Jonathan Livingston, s.r.o., 2021
Témata:
Fyzický popis: 33 stran : barevné ilustrace ; 16 x 22 cm
Knihy
Uloženo v:
LEADER 02373cam a2200553 i 4500
001 nkc20213320867
003 CZ PrNK
005 20210625131043.0
007 ta
008 210423s2021 xr a a 000 m cze d
015 |a cnb003320867 
020 |a 978-80-7551-192-8  |q (vázáno) 
035 |a (OCoLC)1260123620 
040 |a SMG506  |b cze  |c NJG502  |d ABG001  |d ABA001  |e rda 
072 7 |a 821.162.3  |x Česká literatura  |2 Konspekt  |9 25 
072 7 |a 821-93  |x Literatura pro děti a mládež (beletrie)  |2 Konspekt  |9 26 
080 |a 821.162.3-32  |2 MRF 
080 |a 821.162.3-1  |2 MRF 
080 |a 821-93  |2 MRF 
080 |a 398.332.12  |2 MRF 
080 |a "321"  |2 MRF 
080 |a (0:82-32)  |2 MRF 
080 |a (0:82-193)  |2 MRF 
100 1 |a Havličková, Ivana,  |d 1986-  |7 xx0259775  |4 aut  |4 ill 
245 1 0 |a Jarní pohádky a říkanky od velikonočních zajíčků /  |c Ivana Havličková 
264 1 |a [Praha] :  |b Jonathan Livingston, s.r.o.,  |c 2021 
300 |a 33 stran :  |b barevné ilustrace ;  |c 16 x 22 cm 
336 |a text  |b txt  |2 rdacontent 
337 |a bez média  |b n  |2 rdamedia 
338 |a svazek  |b nc  |2 rdacarrier 
520 2 |a V jednom pohádkovém lese žijí velikonoční zajíčci, kteří každý rok připravují dětem nadílku, malují kraslice, budí přírodu a zažívají různá dobrodružství.  |b Veselé jarní vyprávění pro nejmenší o tom, co se stane, když zajíčkům dojdou pravá vajíčka, jak se z jedné kraslice vylíhlo nafoukané kuřátko nebo jak zaječí mamince utekl pečený velikonoční beránek. Pohádky doplňují říkanky s jarní tematikou. Nakladatelská anotace. 
650 0 7 |a velikonoční zvyky  |7 ph137510  |2 czenas 
650 0 7 |a jaro  |7 ph412843  |2 czenas 
650 0 9 |a Easter customs  |2 eczenas 
650 0 9 |a spring  |2 eczenas 
655 7 |a české příběhy  |7 fd133973  |2 czenas 
655 7 |a česká poezie  |7 fd133958  |2 czenas 
655 7 |a říkadla  |7 fd133992  |2 czenas 
655 7 |a publikace pro děti  |7 fd133156  |2 czenas 
655 9 |a Czech stories  |2 eczenas 
655 9 |a Czech poetry  |2 eczenas 
655 9 |a children's poetry  |2 eczenas 
655 9 |a children's literature  |2 eczenas 
910 2 |a BOA001  |b 2-1464.555 
920 |a 4591559  |z ABG001 
990 |a BK 
995 |a 01 
991 |b 202106  |c NOV 
996 6 |b 2610865442  |c 2-1464.555  |l MZK  |r Sklad / do 1 hodiny  |n 0  |p p.v.  |w 001851874  |u 000010  |a 1  |e BOA001  |j MZK50  |s P